| 000 | 00473cam a22002051 4500 | ||
|---|---|---|---|
| 001 | sa 68001525 | ||
| 003 | DLC | ||
| 005 | 20260227112434.0 | ||
| 008 | 881028s1967 xx 000 0 hino | ||
| 010 | _asa 68001525 | ||
| 035 | _a(OCoLC)23536658 | ||
| 040 |
_aDLC _cMiU _dDLC |
||
| 042 | _apremarc | ||
| 050 | 0 | 0 |
_aPK1718.B377 _bD9 |
| 100 | 1 | _aBasu, Ramapati. | |
| 245 | 1 | 0 | _aDvitīẏa bibara. |
| 260 | _c[1967] | ||
| 300 |
_a246 p. _c23 cm. |
||
| 500 | _aRomanized. | ||
| 999 |
_c78014 _d78014 |
||